| 000 | 00497nam a2200181 a 4500 | ||
|---|---|---|---|
| 001 | 1769 | ||
| 003 | CDMR | ||
| 005 | 20131211133325.0 | ||
| 008 | 130130s1970||||||||||||||||||||||||||||d | ||
| 040 |
_aCDMR _bcat _cCDMR |
||
| 100 | 1 |
_aCandlin, Edwin Frank _91328 |
|
| 245 | 1 | 0 |
_aJournalism _cE. Frank Candlin |
| 260 |
_aLondon _c1970 _bThe English Universities Press |
||
| 300 |
_a220 p ; _c18 cm |
||
| 490 | 0 | _aTeach Yourself Books | |
| 650 | 0 | 4 |
_94374 _aPeriodisme _xManuals, guies, etc |
| 942 |
_cMON _2udc |
||
| 999 |
_c1769 _d1769 |
||